000 01344nam a2200361 a 4500
001 000111278
003 CHAP
005 20220329144205.0
008 150126s2014 mx |sm |||||||spa d
010 _a107740
011 _a108712
040 _cCHAP
090 _aTesis
100 1 _aCarrillo Hurtado, Alvin Gustavo
_9129119
245 1 0 _aEvaluación de ensilados a base de triticale (X. Triticosecale Witt.) en el rancho El Carmen
_h[En línea]
_cpor Alvin Gustavo Carrillo Hurtado.
260 _aBermejillo, Dgo. :
_bEl autor,
_c2014.
500 _aPara ver el contenido del material haga clic en la liga
502 _aTesis (Ing. en Sistemas Pecuarios) -- UACH. Unidad Regional Universitaria de Zonas Áridas
590 _aBATCH
_b00
_c20181121
_lUCH01
_h0759
590 _aE11695DGD
_b10
_c20150128
_lUCH01
_h1314
590 _aE5652GLJ
_b05
_c20150126
_lUCH01
_h1244
590 _aE5652GLJ
_b05
_c20150126
_lUCH01
_h1244
590 _aE5652GLJ
_b05
_c20150126
_lUCH01
_h1303
650 1 4 _aAgricultura sustentable
_zDurango.
_9129128
650 1 4 _aTrigo
_xFermentación.
_9129126
650 1 4 _aTriticale como forraje.
_9115235
650 1 4 _aTriticale
_xValor nutritivo.
_9115230
856 _a1
_n0001342
856 _aFinding aid
_uhttp://10.13.5.2/tesis/sist111278.pdf
_zTeclea aquí
901 _aBK
942 _cTESIS
942 _n0
999 _c107740
_d107740